Gliwice - prawda czy fałsz? - Statystyki

Ogólne statystyki
  • Ten quiz został rozwiązany 151 razy
  • Średni wynik to 11 z 15
Statystyki odpowiedzi
Zagadnienie Odpowiedź % Poprawnych
Gliwice są stolicą województwa śląskiego Fałsz
98%
W Gliwicach znajduje się Politechnika Śląska Prawda
98%
Głównym organizatorem komunikacji miejskiej w Gliwicach jest Zarząd Transportu Metropolitalnego Prawda
94%
Gliwice leżą na skrzyżowaniu dwóch autostrad (A1 I A4) Prawda
93%
Sośnica jest najbardziej na wschód wysunięta dzielnica w Gliwicach Prawda
83%
Gliwice są bardziej zaludnionym miastem od Zabrza Prawda
83%
Adam Neumann jest aktualnym prezydentem Gliwic Fałsz
69%
W Gliwicach znajduje się 8 pomników przyrody Prawda
69%
Klub sportowy Piast Gliwice dwukrotnie wygrywał Ekstraklasę w piłce nożnej mężczyzn Fałsz
65%
Gliwice zostały założone przez Niemców w XIIIw. Prawda
63%
Kościół Wszystkich Świętych w Gliwicach został najprawdopodobniej wybudowany w XVIw. Prawda
59%
W 2016r., Gliwice były trzecim najbardziej zanieczyszczonym miastem w Unii Europejskiej Fałsz
57%
Dzielnica Łabędy jest bardziej wysunięta na zachód niż dzielnica Brzezinka Fałsz
57%
Miasto-powiat Gliwice sąsiadują z Rybnikiem bądź powiatem rybnickim Fałsz
48%
Nazwa Gliwice wywodzi się od czeskiego pojęcia "chlewa" Prawda
33%
Nie znaleziono quizów pasujących do podanych kryteriów
Rozkład punktacji
Procent ludzi z każdym wynikiem
Percentyl według liczby udzielonych odpowiedzi
Twoja historia wyników
Nie rozwiązałeś tego quizu